How to use integrated-circuit logic elements / (Record no. 7714)

MARC details
000 -LEADER
fixed length control field 00748nam a2200277 4500
001 - CONTROL NUMBER
control field 1810560
005 - DATE AND TIME OF LATEST TRANSACTION
control field 20150515163404.0
007 - PHYSICAL DESCRIPTION FIXED FIELD--GENERAL INFORMATION
fixed length control field 000
008 - FIXED-LENGTH DATA ELEMENTS--GENERAL INFORMATION
fixed length control field 000
010 ## - LIBRARY OF CONGRESS CONTROL NUMBER
LC control number 79063819
020 ## - INTERNATIONAL STANDARD BOOK NUMBER
Cancelled/invalid ISBN 0672216133 :
Terms of availability $5.95
040 ## - CATALOGING SOURCE
Original cataloging agency UOEL
Transcribing agency DLC
Modifying agency DLC
050 00 - LIBRARY OF CONGRESS CALL NUMBER
Classification number TK7867.L6
Item number S77 1979
082 00 - DEWEY DECIMAL CLASSIFICATION NUMBER
Classification number 621.3819/58/35
100 1# - MAIN ENTRY--PERSONAL NAME
Personal name Streater, Jack W.
245 10 - TITLE STATEMENT
Title How to use integrated-circuit logic elements /
Statement of responsibility, etc by Jack W. Streater.
250 ## - EDITION STATEMENT
Edition statement 3d ed.
260 ## - PUBLICATION, DISTRIBUTION, ETC. (IMPRINT)
Place of publication, distribution, etc Indianapolis :
Name of publisher, distributor, etc H. W. Sams,
Date of publication, distribution, etc c1979.
300 ## - PHYSICAL DESCRIPTION
Extent 176 p. :
Other physical details ill. ;
Dimensions 22 cm.
500 ## - GENERAL NOTE
General note Includes index.
650 #0 - SUBJECT ADDED ENTRY--TOPICAL TERM
Topical term or geographic name as entry element Logic circuits.
Topical term or geographic name as entry element Switching theory.
Topical term or geographic name as entry element Integrated circuits.
906 ## - LOCAL DATA ELEMENT F, LDF (RLIN)
a 7
b cbc
c orignew
d 2
e opcn
f 19
g y-gencatlg
942 ## - ADDED ENTRY ELEMENTS (KOHA)
Source of classification or shelving scheme Library of Congress Classification
Item type Loan - Normal on open shelf
Holdings
Withdrawn status Lost status Source of classification or shelving scheme Damaged status Not for loan Home library Current library Shelving location Date acquired Total Checkouts Full call number Barcode Date last seen Copy number Price effective from Koha item type
    Library of Congress Classification     UOE Main Library UOE Main Library Open shelf 15/05/2015   TK7867.L6 S77 1979 20141956 15/05/2015 20141956 15/05/2015 Loan - Normal on open shelf